Statistics for Multiples of 19 Quiz

Click here to take the quiz!

General Stats

  • This quiz has been taken 138 times
  • The average score is 23 of 25

Answer Stats

Answer% Correct
19
100%
38
99%
57
96%
76
96%
95
96%
114
95%
133
95%
152
95%
171
95%
190
95%
228
94%
247
94%
266
94%
209
93%
285
93%
342
93%
361
93%
304
91%
323
91%
380
91%
399
88%
418
87%
475
84%
437
83%
456
83%

Score Distribution

Percentile by Number Answered

Percent of People with Each Score

Your Score History

You have not taken this quiz